Antecedentes del servicio civil en Costa Rica
Spremljeno u:
| Glavni autor: | |
|---|---|
| Format: | Tekst |
| Izdano: |
San José :
|
| Oznake: |
Dodaj oznaku
Bez oznaka, Budi prvi tko označuje ovaj zapis!
|
MARC
| LEADER | 00000 a a2200000 04500 | ||
|---|---|---|---|
| 001 | 17265 | ||
| 003 | |||
| 040 | |||
| 090 | |a 010900 | ||
| 100 | |a Luján, Jaime | ||
| 245 | |a Antecedentes del servicio civil en Costa Rica | ||
| 260 | |a San José : | ||
| 300 | |a 21 p. | ||
| 999 | |c 11830 |d 11830 | ||
